[Event "Krakow op 9th"]
[Site "Krakow"]
[Date "2013.??.??"]
[Round "4.3"]
[White "Czarnik, Jozef"]
[Black "Zegota, Andrzej"]
[Result "1-0"]
[WhiteElo "2016"]
[BlackElo "1742"]
[PlyCount "47"]
[EventDate "2013.??.??"]
[EventType "swiss"]
[EventRounds "5"]
[EventCountry "POL"]
[SourceTitle "EXT 2023"]
[Source "ChessBase"]
[SourceDate "2022.10.05"]
[SourceVersion "1"]
[SourceVersionDate "2022.10.05"]
[SourceQuality "1"]

1. d4 c6 2. e4 d5 3. Nc3 dxe4 4. Nxe4 Nf6 5. Nxf6+ exf6 6. c3 Bd6 7. Bd3 0-0 8. Ne2 Re8 9. Be3 Qc7 10. Qc2 g6 11. 0-0-0 Be6 12. Kb1 Qa5 13. b3 Na6 14. h4 Qc7 15. h5 f5 16. g3 c5 17. hxg6 hxg6 18. Bxa6 bxa6 19. d5 Bd7 20. Qd2 c4 21. Bd4 Be5 22. Qh6 Bxd4 23. cxd4 f6 24. Qxg6+ 1-0

[Event "Krakow op 9th"]
[Site "Krakow"]
[Date "2013.??.??"]
[Round "3.2"]
[White "Zegota, Andrzej"]
[Black "Janik, Andrzej"]
[Result "1/2-1/2"]
[WhiteElo "1742"]
[BlackElo "1875"]
[PlyCount "40"]
[EventDate "2013.??.??"]
[EventType "swiss"]
[EventRounds "5"]
[EventCountry "POL"]
[SourceTitle "EXT 2023"]
[Source "ChessBase"]
[SourceDate "2022.10.05"]
[SourceVersion "1"]
[SourceVersionDate "2022.10.05"]
[SourceQuality "1"]

1. e4 e5 2. Nf3 Nc6 3. Bc4 Be7 4. d4 d6 5. dxe5 Nxe5 6. Nxe5 dxe5 7. Qxd8+ Bxd8 8. Be3 Nf6 9. f3 0-0 10. Nc3 c6 11. a4 Be7 12. Kf2 Rd8 13. Rhd1 Rxd1 14. Rxd1 Kf8 15. Ne2 b6 16. Ng3 g6 17. c3 Bb7 18. Ne2 h5 19. g3 Rd8 20. Rxd8+ Bxd8 1/2-1/2